[Event "Landesklasse Ost 2014/2015"]
[Site "?"]
[Date "2014.09.07"]
[Round "1"]
[White "Asmykovich, Ihar"]
[Black "Richter, Sven"]
[Result "0-1"]
[WhiteElo "1696"]
[BlackElo "1932"]
[PlyCount "66"]
[EventDate "2014.??.??"]
[WhiteTeam "SV Jenapharm Jena"]
[BlackTeam "VfL 1990 Gera"]

1. d4 Nf6 2. Nf3 g6 3. g3 Bg7 4. Bg2 O-O 5. O-O c5 6. h3 cxd4 7. Nxd4 e5 8. Nb3
d5 9. Bg5 Nc6 10. Nc3 Ne7 11. Bxf6 Bxf6 12. Nxd5 Nxd5 13. Qxd5 Qxd5 14. Bxd5
Bxh3 15. Rfd1 Rac8 16. Kh2 Bf5 17. c3 Rc7 18. Rd2 b6 19. Rad1 Kg7 20. Kg2 h5
21. e4 Bc8 22. Na1 h4 23. gxh4 Bxh4 24. Nc2 f5 25. Ne3 Bg5 26. exf5 gxf5 27.
Bf3 e4 28. Bh5 f4 29. Rd6 f3+ 30. Kh1 Bxe3 31. Rg1+ Kh8 32. fxe3 Rh7 33. Rd5 f2
0-1

[Event "Landesklasse Ost 2014/2015"]
[Site "?"]
[Date "2014.09.07"]
[Round "1"]
[White "Jung, Florian"]
[Black "Kretzschmar, Bernd"]
[Result "1/2-1/2"]
[WhiteElo "1704"]
[BlackElo "1826"]
[PlyCount "100"]
[EventDate "2014.??.??"]
[WhiteTeam "SV Jenapharm Jena"]
[BlackTeam "VfL 1990 Gera"]

1. Nf3 g6 2. c4 Bg7 3. Nc3 d6 4. g3 e5 5. Bg2 f5 6. d3 Nf6 7. O-O O-O 8. Bg5 h6
9. Bxf6 Qxf6 10. Nd5 Qf7 11. Rb1 c6 12. Nc3 Nd7 13. Qc2 Nf6 14. b4 e4 15. Nd2
d5 16. b5 Be6 17. bxc6 bxc6 18. cxd5 cxd5 19. Nb5 a6 20. Nd4 Ng4 21. Nxe6 Qxe6
22. dxe4 fxe4 23. Nxe4 dxe4 24. Qxe4 Qxe4 25. Bxe4 Rae8 26. Bxg6 Re6 27. Bd3
Ne5 28. Be4 Kh8 29. h3 Nd7 30. f3 Nc5 31. Rb4 Nxe4 32. fxe4 Rxf1+ 33. Kxf1 Be5
34. Kg2 Rg6 35. g4 h5 36. Kf3 hxg4+ 37. hxg4 Kg7 38. Rb7+ Kh6 39. Re7 Bd6 40.
Rf7 Be5 41. Rf5 Re6 42. Ke3 Kg6 43. Kd3 Bf6 44. a4 Rd6+ 45. Rd5 Re6 46. a5 Be5
47. Kc4 Rc6+ 48. Kb4 Bc3+ 49. Kb3 Be1 50. Kb2 Bc3+ 1/2-1/2

[Event "Landesklasse Ost 2014/2015"]
[Site "?"]
[Date "2014.09.07"]
[Round "1"]
[White "Walther, Thomas"]
[Black "Riedel, Hans-Joachim"]
[Result "1/2-1/2"]
[WhiteElo "1838"]
[BlackElo "1737"]
[PlyCount "45"]
[EventDate "2014.??.??"]
[WhiteTeam "VfL 1990 Gera"]
[BlackTeam "SV Jenapharm Jena"]

1. e4 e5 2. Nf3 Nf6 3. Nxe5 d6 4. Nf3 Nxe4 5. Nc3 d5 6. Qe2 Be7 7. Nxe4 dxe4 8.
Qxe4 O-O 9. Bc4 Bf6 10. O-O Re8 11. Qf4 Nc6 12. c3 Na5 13. Bb5 c6 14. Ba4 Qd3
15. Ne1 Qe2 16. f3 Nc4 17. Bc2 Ne5 18. Qe4 Ng6 19. Qxe2 Rxe2 20. Be4 Be6 21.
Bd3 Re5 22. f4 Nxf4 23. Rxf4 1/2-1/2

[Event "Landesklasse Ost 2014/2015"]
[Site "?"]
[Date "2014.10.05"]
[Round "2"]
[White "Seidens, Gunter"]
[Black "Vogel, Steffen"]
[Result "1-0"]
[WhiteElo "1932"]
[BlackElo "1779"]
[PlyCount "81"]
[EventDate "2014.??.??"]
[WhiteTeam "VfL 1990 Gera"]
[BlackTeam "SSV Vimaria 91 Weimar"]

1. d4 d5 2. Nf3 c6 3. e3 Nf6 4. Bd3 e6 5. Nbd2 Nbd7 6. Qe2 Qc7 7. O-O Be7 8. b3
O-O 9. Bb2 Re8 10. Ne5 Nf8 11. f4 N6d7 12. Rf2 f5 13. g4 Nf6 14. Rg2 Bd6 15.
Ndf3 b6 16. Kh1 a5 17. a4 Ra7 18. Rag1 Re7 19. h3 Ne4 20. Qe1 Bd7 21. Qh4 Be8
22. Kh2 b5 23. Ng5 Bxe5 24. fxe5 b4 25. Kh1 Qd8 26. gxf5 exf5 27. Nxe4 Ng6 28.
Rxg6 Bxg6 29. Nc5 Qf8 30. Rf1 Rf7 31. Bc1 h6 32. Bd2 Bh7 33. e6 Rfe7 34. Qf4 g6
35. e4 dxe4 36. Bxe4 Qg7 37. Qb8+ Qf8 38. Qxf8+ Kxf8 39. Bxh6+ Kg8 40. Bxc6
Rac7 41. d5 1-0

[Event "Landesklasse Ost 2014/2015"]
[Site "?"]
[Date "2014.10.05"]
[Round "2"]
[White "Reichardt, Albert"]
[Black "Schönfeld, Volker"]
[Result "0-1"]
[WhiteElo "1720"]
[BlackElo "1869"]
[PlyCount "96"]
[EventDate "2014.??.??"]
[WhiteTeam "SSV Vimaria 91 Weimar"]
[BlackTeam "VfL 1990 Gera"]

1. e4 e5 2. Nf3 Nc6 3. Bb5 a6 4. Ba4 Nf6 5. O-O Nxe4 6. d4 b5 7. Bb3 d5 8. Nxe5
Nxe5 9. dxe5 c6 10. Be3 Bc5 11. Qf3 O-O 12. Nd2 Nxd2 13. Bxd2 Qc7 14. Bf4 Be6
15. c3 Qd7 16. Rad1 Bg4 17. Qg3 Bxd1 18. Rxd1 Qf5 19. Rd3 Rae8 20. Bc2 Qe4 21.
Kf1 Qg6 22. Qh3 Qe6 23. Qh5 g6 24. Qh6 f5 25. h4 Rf7 26. Rh3 Bf8 27. Qg5 h6 28.
Qg3 h5 29. Qf3 Bg7 30. Rg3 Kh7 31. Rg5 Bh6 32. Rg3 Bxf4 33. Qxf4 Qxe5 34. Qd2
Rfe7 35. Re3 Qh2 36. Rh3 Re1+ 37. Qxe1 Rxe1+ 38. Kxe1 Qxg2 39. Rg3 Qh1+ 40. Ke2
Qxh4 41. Bd3 Qf4 42. Re3 h4 43. b3 Kh6 44. Kf1 c5 45. Kg2 Qg5+ 46. Kh2 Qf6 47.
Kg2 Qxc3 48. Bxf5 Qxe3 0-1

[Event "Landesklasse Ost 2014/2015"]
[Site "?"]
[Date "2014.10.05"]
[Round "2"]
[White "Huster, Mike"]
[Black "Mitter, Frank"]
[Result "1-0"]
[WhiteElo "1899"]
[BlackElo "1752"]
[PlyCount "115"]
[EventDate "2014.??.??"]
[WhiteTeam "VfL 1990 Gera"]
[BlackTeam "SSV Vimaria 91 Weimar"]

1. d4 d5 2. Nf3 Nf6 3. c4 e6 4. g3 Be7 5. Bg2 dxc4 6. Qa4+ Bd7 7. Qxc4 Bc6 8.
Nc3 Nbd7 9. O-O O-O 10. Re1 Nb6 11. Qd3 Nbd5 12. e4 Nb4 13. Qe2 Re8 14. a3 Na6
15. Qc4 Nb8 16. Bf4 a6 17. Rad1 b5 18. Qb3 Nbd7 19. d5 exd5 20. exd5 Nc5 21.
Qa2 Bb7 22. b4 Ncd7 23. d6 cxd6 24. Ng5 d5 25. Nxd5 Nxd5 26. Bxd5 Bxd5 27. Qxd5
Bxg5 28. Bxg5 Rxe1+ 29. Rxe1 Nf6 30. Qf3 Qd5 31. Qe3 Qc6 32. Bxf6 gxf6 33. Qf4
Rd8 34. Qg4+ Kf8 35. Qh4 Kg7 36. Qg4+ Kf8 37. Qf4 Kg7 38. h4 Qd5 39. Qg4+ Kf8
40. Qe2 Kg7 41. Rc1 Qd3 42. Qg4+ Kf8 43. Rc8 Qd5 44. Rxd8+ Qxd8 45. Qf5 Kg7 46.
Qf3 Qd4 47. Kg2 Qb2 48. Kh3 Qc1 49. Kg2 Qb2 50. Qg4+ Kh6 51. Qg8 Qb3 52. Qf8+
Kg6 53. g4 Qd5+ 54. f3 Qd2+ 55. Kh3 Qe3 56. h5+ Kg5 57. Qg7+ Kf4 58. Qxf6# 1-0

[Event "Landesklasse Ost 2014/2015"]
[Site "?"]
[Date "2014.10.05"]
[Round "2"]
[White "Petigk, Falk"]
[Black "Richter, Sven"]
[Result "0-1"]
[WhiteElo "1697"]
[BlackElo "1932"]
[PlyCount "76"]
[EventDate "2014.??.??"]
[WhiteTeam "SSV Vimaria 91 Weimar"]
[BlackTeam "VfL 1990 Gera"]

1. e4 b6 2. d4 Bb7 3. Bd3 e6 4. Be3 Nf6 5. Nd2 c5 6. c3 Nc6 7. f4 Rc8 8. Ngf3
cxd4 9. cxd4 Nb4 10. Bb1 Ng4 11. Bg1 Qc7 12. h3 Nf6 13. Be3 Qc1 14. O-O Qxb2
15. d5 Qxa1 16. Bd4 Bc5 17. Nb3 Qc3 18. Nxc5 Qxd4+ 19. Qxd4 bxc5 20. Qc4 Ba6
21. Qb3 Bxf1 22. dxe6 fxe6 23. Kxf1 Nc6 24. a3 Rb8 25. Qa2 O-O 26. f5 Nd4 27.
Nxd4 cxd4 28. Kg1 Kh8 29. fxe6 dxe6 30. e5 Nd5 31. Qc2 Rf1+ 32. Kh2 Rfxb1 33.
Qd2 h6 34. Qxd4 R1b2 35. Qxa7 Nf4 36. Kg3 g5 37. Kf3 R8b3+ 38. Ke4 Rd3 0-1

[Event "Landesklasse Ost 2014/2015"]
[Site "?"]
[Date "2014.10.05"]
[Round "2"]
[White "Manicke, Hans-Joachim"]
[Black "Latka, Robert"]
[Result "1/2-1/2"]
[WhiteElo "1902"]
[BlackElo "1818"]
[PlyCount "37"]
[EventDate "2014.??.??"]
[WhiteTeam "VfL 1990 Gera"]
[BlackTeam "SSV Vimaria 91 Weimar"]

1. b4 Nf6 2. Bb2 e6 3. a3 c5 4. bxc5 Bxc5 5. e3 O-O 6. Nf3 d5 7. Be2 Nc6 8. d4
Bd6 9. O-O Na5 10. Nbd2 Qc7 11. h3 Bd7 12. c3 b5 13. Bd3 Qb7 14. Qc2 Nc4 15.
Bxc4 bxc4 16. a4 Rab8 17. Rfb1 Qa6 18. e4 Nxe4 19. Nxe4 1/2-1/2

[Event "Landesklasse Ost 2014/2015"]
[Site "?"]
[Date "2014.10.05"]
[Round "2"]
[White "Gebuhr, Günter"]
[Black "Kretzschmar, Bernd"]
[Result "1/2-1/2"]
[WhiteElo "1782"]
[BlackElo "1821"]
[PlyCount "69"]
[EventDate "2014.??.??"]
[WhiteTeam "SSV Vimaria 91 Weimar"]
[BlackTeam "VfL 1990 Gera"]

1. e4 g6 2. d4 Bg7 3. Nc3 d6 4. Nf3 c6 5. Be3 b5 6. Bd3 b4 7. Ne2 a5 8. O-O Nf6
9. h3 Ba6 10. c4 bxc3 11. bxc3 O-O 12. Ng3 Qc7 13. Rb1 Bxd3 14. Qxd3 Nbd7 15.
Rb2 Rfb8 16. Rfb1 h6 17. c4 Rxb2 18. Rxb2 c5 19. Rb5 cxd4 20. Bxd4 Rc8 21. e5
Ne8 22. e6 Nf8 23. exf7+ Kxf7 24. Bxg7 Kxg7 25. Qe3 Nf6 26. Nd2 a4 27. f4 e6
28. Qd4 N8d7 29. Nge4 e5 30. Qxd6 Qxd6 31. Nxd6 Rc6 32. fxe5 Nxe5 33. Rb7+ Kf8
34. c5 Rxc5 35. Rb4 1/2-1/2

[Event "Landesklasse Ost 2014/2015"]
[Site "?"]
[Date "2014.10.05"]
[Round "2"]
[White "Walther, Thomas"]
[Black "Walther, Gerd"]
[Result "0-1"]
[WhiteElo "1830"]
[BlackElo "1774"]
[PlyCount "80"]
[EventDate "2014.??.??"]
[WhiteTeam "VfL 1990 Gera"]
[BlackTeam "SSV Vimaria 91 Weimar"]

1. e4 c5 2. Nc3 e6 3. f4 a6 4. Nf3 b5 5. a3 Bb7 6. d3 g6 7. Be2 Bg7 8. O-O Ne7
9. e5 d5 10. exd6 Qxd6 11. Ne4 Bxe4 12. dxe4 Qxd1 13. Rxd1 Nbc6 14. c3 e5 15.
fxe5 Nxe5 16. Nxe5 Bxe5 17. Rd5 Nxd5 18. exd5 Kd7 19. Bf3 Rhe8 20. Bd2 Rab8 21.
g3 Bd6 22. Kf2 f6 23. Be3 Re7 24. Bd2 Rbe8 25. Rd1 c4 26. Kf1 Bc5 27. Bf4 Bd6
28. Bd2 h5 29. Kg2 Kc7 30. h3 Kb6 31. Rf1 Bc5 32. Rd1 Ka5 33. Bf4 g5 34. Bc1
Re1 35. Bd2 Rxd1 36. Bxd1 Re5 37. Bf3 g4 38. hxg4 hxg4 39. Bxg4 Rxd5 40. Be1
Ka4 0-1

[Event "Landesklasse Ost 2014/2015"]
[Site "?"]
[Date "2014.10.05"]
[Round "2"]
[White "Barth, Roland"]
[Black "Fijalkowski, Jürgen"]
[Result "0-1"]
[WhiteElo "1291"]
[BlackElo "1812"]
[PlyCount "79"]
[EventDate "2014.??.??"]
[WhiteTeam "SSV Vimaria 91 Weimar"]
[BlackTeam "VfL 1990 Gera"]

1. e4 Nf6 2. e5 Nd5 3. Bc4 Nb6 4. Bb3 e6 5. f4 d6 6. Nf3 Bd7 7. O-O Nc6 8. d4
Na5 9. Bd2 Nxb3 10. axb3 Bc6 11. c4 g6 12. Nc3 Bg7 13. Be3 O-O 14. Ng5 d5 15.
c5 Nc8 16. Qe2 a6 17. b4 Na7 18. Qf3 Bd7 19. Qh3 h6 20. Nf3 Kh7 21. g4 Rh8 22.
Bf2 Nc6 23. Bh4 Qc8 24. Na2 Qe8 25. Rad1 a5 26. b5 Nb4 27. Nc3 Bxb5 28. Nxb5
Qxb5 29. Rb1 Kg8 30. Be7 Qd7 31. Bf6 Nd3 32. Bxg7 Kxg7 33. Nd2 Nb4 34. Qf3 Nc6
35. Qc3 h5 36. g5 Ne7 37. h4 Qb5 38. b3 Nf5 39. Nf3 Ng3 40. Rf2 0-1

[Event "Landesklasse Ost 2014/2015"]
[Site "?"]
[Date "2014.10.05"]
[Round "2"]
[White "Sunderbrink, Heino"]
[Black "Skarus, Steffen"]
[Result "1-0"]
[WhiteElo "1969"]
[BlackElo "1841"]
[PlyCount "20"]
[EventDate "2014.??.??"]
[WhiteTeam "SV Medizin Erfurt"]
[BlackTeam "SV Jenapharm Jena"]

1. Nf3 g6 2. c4 Bg7 3. Nc3 e5 4. d3 Nc6 5. g3 Nge7 6. Bg2 d6 7. O-O O-O 8. Rb1
f5 9. Bd2 h6 10. b4 Nxb4 1-0

[Event "Landesklasse Ost 2014/2015"]
[Site "?"]
[Date "2014.10.05"]
[Round "2"]
[White "Asmykovich, Ihar"]
[Black "Eger, Axel"]
[Result "0-1"]
[WhiteElo "1696"]
[BlackElo "1838"]
[PlyCount "44"]
[EventDate "2014.??.??"]
[WhiteTeam "SV Jenapharm Jena"]
[BlackTeam "SV Medizin Erfurt"]

1. d4 Nf6 2. c4 e6 3. Nf3 b6 4. g3 Bb7 5. Bg2 Be7 6. O-O O-O 7. Nc3 Ne4 8. Qc2
Nxc3 9. Qxc3 Bf6 10. Qc2 Nc6 11. Rd1 d6 12. a3 Qe7 13. b4 Rfe8 14. Bb2 e5 15.
d5 Nd4 16. Bxd4 exd4 17. Ra2 a5 18. b5 g6 19. Nxd4 Bg7 20. Nc6 Qf6 21. Rd3 Qf5
22. e4 Qd7 0-1

[Event "Landesklasse Ost 2014/2015"]
[Site "?"]
[Date "2014.10.05"]
[Round "2"]
[White "Stumm, Rainer"]
[Black "Thöle, Wolfgang"]
[Result "0-1"]
[WhiteElo "1584"]
[BlackElo "1896"]
[PlyCount "44"]
[EventDate "2014.??.??"]
[WhiteTeam "SV Medizin Erfurt"]
[BlackTeam "SV Jenapharm Jena"]

1. d4 d5 2. c4 e6 3. Nc3 Nf6 4. Nf3 Be7 5. Bg5 O-O 6. e3 b6 7. Qc2 Bb7 8. b3
Nbd7 9. Be2 Rc8 10. O-O c5 11. Rac1 cxd4 12. Nxd4 dxc4 13. Bxc4 Ne5 14. Nxe6
fxe6 15. Bxe6+ Kh8 16. Bxc8 Qxc8 17. f4 Neg4 18. f5 Bc5 19. Rfe1 Re8 20. Nd1
Be4 21. Qe2 Qxf5 22. Bf4 Qxf4 0-1

[Event "Landesklasse Ost 2014/2015"]
[Site "?"]
[Date "2014.10.05"]
[Round "2"]
[White "Riedel, Hans-Joachim"]
[Black "Tangermann, Wilfried"]
[Result "1-0"]
[WhiteElo "1737"]
[BlackElo "1550"]
[PlyCount "63"]
[EventDate "2014.??.??"]
[WhiteTeam "SV Jenapharm Jena"]
[BlackTeam "SV Medizin Erfurt"]

1. e4 e5 2. Bc4 Nf6 3. d4 Bd6 4. f4 Nxe4 5. Qf3 Bb4+ 6. c3 Nd6 7. Bb3 e4 8. Qh5
Qf6 9. cxb4 Qxd4 10. Qe5+ Qxe5 11. fxe5 Nf5 12. Nc3 Nc6 13. Nd5 O-O 14. Bf4 a5
15. Nxc7 Ra7 16. b5 Nb4 17. b6 Nd3+ 18. Kf1 Ra6 19. Nxa6 bxa6 20. Bd5 Nxf4 21.
b7 Bxb7 22. Bxb7 e3 23. Ne2 g5 24. Nxf4 gxf4 25. Rd1 f6 26. exf6 Rxf6 27. Rxd7
Rb6 28. b3 a4 29. Bd5+ Kh8 30. Ke2 axb3 31. Bxb3 Rb4 32. Rc1 1-0

[Event "Landesklasse Ost 2014/2015"]
[Site "?"]
[Date "2014.10.05"]
[Round "2"]
[White "Makarow, Alexander"]
[Black "Hesse, Norbert"]
[Result "0-1"]
[WhiteElo "1700"]
[BlackElo "1694"]
[PlyCount "86"]
[EventDate "2014.??.??"]
[WhiteTeam "SV Medizin Erfurt"]
[BlackTeam "SV Jenapharm Jena"]

1. e4 c5 2. Nf3 e6 3. d4 cxd4 4. Nxd4 a6 5. Be3 Nf6 6. Bd3 Be7 7. g4 d6 8. Nc3
Nc6 9. Nb3 Ne5 10. h3 b5 11. g5 Nxd3+ 12. Qxd3 Nd7 13. f4 Bb7 14. Nd4 Nc5 15.
Qe2 Nxe4 16. Nxe4 Bxe4 17. Rg1 Rc8 18. Bd2 d5 19. a4 Bc5 20. Be3 Bxd4 21. Bxd4
Rxc2 22. Qe3 O-O 23. axb5 axb5 24. b4 Qd7 25. Rc1 Qc6 26. Bc5 Rxc1+ 27. Qxc1
Ra8 28. Rg3 Qa6 29. Rc3 Qa1 30. Bd4 Qxc1+ 31. Rxc1 Bd3 32. Kd2 Bc4 33. Ra1 Rxa1
34. Bxa1 h6 35. h4 Kh7 36. h5 g6 37. hxg6+ Kxg6 38. Bf6 h5 39. Ke3 Kf5 40. Kf3
Bb3 41. Be5 Bd1+ 42. Ke3 h4 43. Kd2 h3 0-1

[Event "Landesklasse Ost 2014/2015"]
[Site "?"]
[Date "2014.10.05"]
[Round "2"]
[White "Fauth, Frank"]
[Black "Bloß, Ralf"]
[Result "1/2-1/2"]
[WhiteElo "1690"]
[BlackElo "1575"]
[PlyCount "134"]
[EventDate "2014.??.??"]
[WhiteTeam "SV Jenapharm Jena"]
[BlackTeam "SV Medizin Erfurt"]

1. d4 Nf6 2. c4 g6 3. Nc3 Bg7 4. e4 d6 5. Bd3 O-O 6. Nge2 c5 7. O-O Nc6 8. d5
Ne5 9. f3 a6 10. Rb1 Nfd7 11. a3 Nxd3 12. Qxd3 Ne5 13. Qc2 Nxc4 14. b4 cxb4 15.
Rxb4 b5 16. a4 Bd7 17. axb5 axb5 18. Kh1 Qa5 19. Rb3 b4 20. Nd1 Rfc8 21. Qb1
Qa2 22. Ng3 Qxb1 23. Rxb1 Bc3 24. Ne2 Nd2 25. Bxd2 Bxd2 26. Nd4 Rc5 27. Nb3 Bc3
28. Ne3 Rc7 29. h3 Ra2 30. Rfc1 Rca7 31. Rc2 Rxc2 32. Nxc2 Ra2 33. Nbd4 Rb2 34.
Rxb2 Bxb2 35. Nc6 b3 36. Ne3 Bf6 37. Nc4 e6 38. g4 b2 39. Na3 Bc8 40. Nb4 Bb7
41. Kg2 Bc3 42. Na2 Bd2 43. Nb1 Be3 44. Nb4 exd5 45. exd5 Kg7 46. Kf1 Bc5 47.
Nd3 Bxd5 48. Nxb2 Bxf3 49. Nd2 Bd5 50. Ke2 Kf6 51. h4 Be6 52. Kf3 Bd5+ 53. Ke2
Bd4 54. Nd3 Be5 55. Nf2 Ke6 56. Nfe4 Bxe4 57. Nxe4 h6 58. Kf3 d5 59. Nc5+ Kd6
60. Nd3 Bf6 61. Kf4 Bxh4 62. Nb4 Bg5+ 63. Kf3 Kc5 64. Na6+ Kc4 65. Ke2 d4 66.
Nb8 Bf6 67. Nd7 Bg7 1/2-1/2

[Event "Landesklasse Ost 2014/2015"]
[Site "?"]
[Date "2014.10.26"]
[Round "3"]
[White "Rauhut, Frank"]
[Black "Kosowski, Todor"]
[Result "1-0"]
[WhiteElo "1862"]
[BlackElo "2139"]
[PlyCount "70"]
[EventDate "2014.??.??"]
[WhiteTeam "SV Jenapharm Jena"]
[BlackTeam "SG Arnstadt-Stadtilm"]

1. d4 d5 2. Nc3 e6 3. Bf4 Nf6 4. e3 Be7 5. Nf3 O-O 6. Bd3 a6 7. h3 b5 8. O-O
Bb7 9. Ne5 Nbd7 10. a3 c5 11. Nxd7 Qxd7 12. dxc5 Bxc5 13. Be5 Qe7 14. Ne2 Nd7
15. Bh2 e5 16. c3 Qg5 17. Ng3 f5 18. Qh5 Qxh5 19. Nxh5 g6 20. Ng3 f4 21. exf4
exf4 22. Ne2 Ne5 23. Rad1 g5 24. Nd4 Rae8 25. Be2 Nc4 26. Bxc4 dxc4 27. f3 Re2
28. Rf2 Rfe8 29. Kf1 Rxf2+ 30. Kxf2 Kf7 31. Kf1 Kf6 32. Bg1 Rd8 33. Re1 Bc8 34.
Bf2 h5 35. Re2 g4 1-0

[Event "Landesklasse Ost 2014/2015"]
[Site "?"]
[Date "2014.10.26"]
[Round "3"]
[White "Buring, Matthias"]
[Black "Heunemann, Dieter"]
[Result "1-0"]
[WhiteElo "2058"]
[BlackElo "1894"]
[PlyCount "45"]
[EventDate "2014.??.??"]
[WhiteTeam "SG Arnstadt-Stadtilm"]
[BlackTeam "SV Jenapharm Jena"]

1. e4 c5 2. Nf3 Nc6 3. d4 cxd4 4. c3 d3 5. Bxd3 d6 6. h3 g6 7. O-O Bg7 8. Be3
Nf6 9. Nbd2 O-O 10. Nd4 Nd7 11. f4 Nxd4 12. cxd4 e5 13. fxe5 dxe5 14. d5 Nb6
15. Bc5 Re8 16. Qf3 f5 17. exf5 gxf5 18. Bxf5 Bxf5 19. Qxf5 Qxd5 20. Ne4 Rad8
21. Ng5 Qd3 22. Qf7+ Kh8 23. Ne6 1-0

[Event "Landesklasse Ost 2014/2015"]
[Site "?"]
[Date "2014.10.26"]
[Round "3"]
[White "Skarus, Steffen"]
[Black "Sauer, Marko"]
[Result "0-1"]
[WhiteElo "1841"]
[BlackElo "2009"]
[PlyCount "70"]
[EventDate "2014.??.??"]
[WhiteTeam "SV Jenapharm Jena"]
[BlackTeam "SG Arnstadt-Stadtilm"]

1. c4 e6 2. Nf3 Nf6 3. b3 b6 4. Bb2 Bb7 5. e3 Be7 6. d4 O-O 7. Nc3 d5 8. cxd5
exd5 9. Be2 Re8 10. O-O c6 11. Rc1 Bd6 12. Bd3 Ba6 13. Na4 Bxd3 14. Qxd3 Ne4
15. Ne5 b5 16. f3 bxa4 17. fxe4 f6 18. Nf3 Rxe4 19. Nd2 Re6 20. e4 a3 21. Ba1
Nd7 22. exd5 cxd5 23. Qf5 Nf8 24. Nf3 g6 25. Qh3 Rc8 26. g4 Rxc1 27. Rxc1 Re2
28. g5 Rxa2 29. gxf6 Qxf6 30. Rf1 Qf4 31. Re1 Bb4 32. Rf1 Ba5 33. Ne1 Qg5+ 34.
Kh1 Rxa1 35. Qf3 Qf5 0-1

[Event "Landesklasse Ost 2014/2015"]
[Site "?"]
[Date "2014.10.26"]
[Round "3"]
[White "Jank, Kevin"]
[Black "Wagner, Günther"]
[Result "1/2-1/2"]
[WhiteElo "1740"]
[BlackElo "1790"]
[PlyCount "55"]
[EventDate "2014.??.??"]
[WhiteTeam "SG Arnstadt-Stadtilm"]
[BlackTeam "SV Jenapharm Jena"]

1. e4 c5 2. Nf3 d6 3. Be2 Nf6 4. d3 g6 5. c3 Bg7 6. Qc2 Nc6 7. h3 Bd7 8. Be3
Rc8 9. Nbd2 O-O 10. O-O b5 11. Rfc1 a5 12. Qd1 Ne8 13. Nf1 e5 14. Qd2 Nc7 15.
Ng3 Ne6 16. h4 Qe7 17. h5 Qf6 18. Rd1 Nf4 19. hxg6 fxg6 20. d4 Nxe2+ 21. Nxe2
Bg4 22. dxe5 Nxe5 23. Nxe5 dxe5 24. Re1 Rcd8 25. Qc2 Bh6 26. Bxc5 Rd2 27. Qb3+
Rf7 28. Qxb5 1/2-1/2

[Event "Landesklasse Ost 2014/2015"]
[Site "?"]
[Date "2014.10.26"]
[Round "3"]
[White "Vater, Rainer"]
[Black "Zeising, Benjamin"]
[Result "1-0"]
[WhiteElo "1809"]
[BlackElo "1799"]
[PlyCount "119"]
[EventDate "2014.??.??"]
[WhiteTeam "SV Jenapharm Jena"]
[BlackTeam "SG Arnstadt-Stadtilm"]

1. e4 e6 2. Qe2 c5 3. g3 Nc6 4. c3 d5 5. d3 Nf6 6. Bg2 dxe4 7. dxe4 Ne5 8. Bg5
h6 9. Bxf6 gxf6 10. Nf3 Nd3+ 11. Kf1 c4 12. Ne1 Nxe1 13. Kxe1 Qb6 14. Qc2 Bc5
15. b4 cxb3 16. axb3 e5 17. b4 Be7 18. Nd2 Be6 19. Qa4+ Kf8 20. Ke2 Kg7 21.
Rhd1 Qc7 22. Rac1 a5 23. b5 Rac8 24. Kf1 Rhd8 25. Kg1 b6 26. Nb1 Qc4 27. Qxc4
Bxc4 28. Rxd8 Rxd8 29. Bf1 Bd3 30. Bxd3 Rxd3 31. Kf1 Bc5 32. Ke2 Rd8 33. Rc2
Kg6 34. Nd2 h5 35. Nf3 a4 36. Ra2 Ra8 37. h3 Ra5 38. Nh4+ Kg5 39. Nf3+ Kh6 40.
Nh4 Rxb5 41. Rxa4 Rb2+ 42. Kd3 Rxf2 43. Ra7 f5 44. Nxf5+ Kg6 45. Kc4 Rd2 46.
Ra8 Rd7 47. Rg8+ Kf6 48. Rh8 Kg5 49. Rg8+ Kf6 50. h4 Ba3 51. Rh8 Bc1 52. Rxh5
Rd8 53. g4 Rc8+ 54. Kb3 Bd2 55. g5+ Bxg5 56. hxg5+ Kg6 57. Ne7+ Kxh5 58. Nxc8
b5 59. Nd6 Kxg5 60. Nxf7+ 1-0

[Event "Landesklasse Ost 2014/2015"]
[Site "?"]
[Date "2014.10.26"]
[Round "3"]
[White "Schumacher, Andreas"]
[Black "Asmykovich, Ihar"]
[Result "1/2-1/2"]
[WhiteElo "1722"]
[BlackElo "1696"]
[PlyCount "135"]
[EventDate "2014.??.??"]
[WhiteTeam "SG Arnstadt-Stadtilm"]
[BlackTeam "SV Jenapharm Jena"]

1. d4 Nf6 2. c4 e6 3. Nc3 d5 4. cxd5 exd5 5. Bg5 Be7 6. e3 c6 7. Bd3 Nbd7 8.
Qc2 O-O 9. Nge2 c5 10. dxc5 Nxc5 11. O-O Nxd3 12. Qxd3 Qa5 13. Bh4 Re8 14. a3
b6 15. Rfd1 Ba6 16. Qc2 Qc5 17. Rac1 Rac8 18. Qa4 Qc4 19. Nd4 Qxa4 20. Nxa4 Rc4
21. Nc3 Rec8 22. Nce2 Kf8 23. f3 g6 24. Be1 Rxc1 25. Rxc1 Rxc1 26. Nxc1 Bc5 27.
Bc3 Ne8 28. Kf2 Nc7 29. a4 b5 30. axb5 Nxb5 31. Nxb5 Bxb5 32. Nb3 Bd6 33. Nd4
Bd3 34. g3 Ke8 35. Ke1 h5 36. Kd2 Bf1 37. Nc6 Kd7 38. Ne5+ Ke6 39. Nc6 a6 40.
Nd4+ Kd7 41. Ke1 Bd3 42. Kd2 Bb5 43. Nxb5 axb5 44. Kd3 h4 45. f4 h3 46. Kd4 Ke6
47. e4 dxe4 48. Kxe4 Bc5 49. Kf3 Kd5 50. b3 Bg1 51. Kg4 Bxh2 52. Kxh3 Bg1 53.
Kg4 Bd4 54. Bb4 Ke4 55. Kg5 Kd3 56. Be7 Kc2 57. b4 Kd3 58. Bc5 Bc3 59. g4 Kc4
60. f5 gxf5 61. gxf5 Bxb4 62. Bxb4 Kxb4 63. Kf6 Kc4 64. Kxf7 b4 65. Kg7 b3 66.
f6 b2 67. f7 b1=Q 68. f8=Q 1/2-1/2

[Event "Landesklasse Ost 2014/2015"]
[Site "?"]
[Date "2014.10.26"]
[Round "3"]
[White "Thöle, Wolfgang"]
[Black "Marufke, Kai"]
[Result "1-0"]
[WhiteElo "1896"]
[BlackElo "1846"]
[PlyCount "41"]
[EventDate "2014.??.??"]
[WhiteTeam "SV Jenapharm Jena"]
[BlackTeam "SG Arnstadt-Stadtilm"]

1. e4 e5 2. Bc4 Nf6 3. Nc3 Nc6 4. Nf3 d6 5. h3 Be7 6. d4 exd4 7. Nxd4 Bd7 8.
O-O O-O 9. Be3 Nxd4 10. Bxd4 Be6 11. Bd3 Nd7 12. f4 f5 13. exf5 Bxf5 14. Bxf5
Rxf5 15. Bxg7 Kxg7 16. Qg4+ Kf6 17. Ne4+ Ke6 18. Rae1 Qf8 19. Ng5+ Kd5 20. Qf3+
Kc4 21. Qb3+ 1-0

[Event "Landesklasse Ost 2014/2015"]
[Site "?"]
[Date "2014.10.26"]
[Round "3"]
[White "Risch, Stefan"]
[Black "Riedel, Hans-Joachim"]
[Result "0-1"]
[WhiteElo "1302"]
[BlackElo "1737"]
[PlyCount "88"]
[EventDate "2014.??.??"]
[WhiteTeam "SG Arnstadt-Stadtilm"]
[BlackTeam "SV Jenapharm Jena"]

1. e4 e5 2. Nf3 Nf6 3. Nc3 Bb4 4. d3 d5 5. Bd2 d4 6. Ne2 Bd6 7. h3 c5 8. c3 Nc6
9. a3 O-O 10. b4 dxc3 11. Bxc3 cxb4 12. axb4 Bxb4 13. Bxb4 Nxb4 14. Nxe5 Qd6
15. f4 Nh5 16. d4 Rd8 17. Qb3 Be6 18. d5 Nxf4 19. Nxf4 Qxe5 20. Rb1 Nxd5 21.
Nxe6 Qxe4+ 22. Be2 Qxe6 23. Kf2 Qb6+ 24. Qxb6 Nxb6 25. Rhc1 Rd7 26. Kg1 g6 27.
Bf3 Rb8 28. Ra1 Nc8 29. Rc2 b5 30. Bc6 Rc7 31. Rac1 b4 32. Bd5 Rxc2 33. Rxc2
Nd6 34. Bb3 Nb5 35. Rc4 a5 36. Rf4 Rb7 37. Rf6 Nd4 38. Ba2 b3 39. Bb1 Ra7 40.
Rd6 Ne2+ 41. Kf2 Nc3 42. Bd3 b2 43. Rc6 b1=Q 44. Bxb1 Nxb1 0-1

[Event "Landesklasse Ost 2014/2015"]
[Site "?"]
[Date "2014.10.26"]
[Round "3"]
[White "Latka, Robert"]
[Black "Janisch, Manfred"]
[Result "0-1"]
[WhiteElo "1818"]
[BlackElo "1744"]
[PlyCount "44"]
[EventDate "2014.??.??"]
[WhiteTeam "SSV Vimaria 91 Weimar"]
[BlackTeam "Schachzirkel Elstertal Langenberg"]

1. e4 e6 2. d4 d6 3. Nc3 a6 4. f4 Be7 5. Nf3 Nf6 6. Bd3 b5 7. O-O O-O 8. f5
exf5 9. exf5 Bb7 10. Bg5 Nbd7 11. Nd2 c5 12. dxc5 Nxc5 13. Nb3 b4 14. Nxc5 dxc5
15. Ne2 Qb6 16. Kh1 c4 17. Bxf6 Bxf6 18. Bxc4 Qc6 19. Bxf7+ Rxf7 20. Nf4 Bxb2
21. Rb1 Bc3 22. Qg4 Qe4 0-1